书目信息 |
| 题名: |
佤族
|
|
| 作者: | 陈国庆 , 谢玲 著 | |
| 分册: | ||
| 出版信息: | 北京 中国水利水电出版社 2004.06 |
|
| 页数: | 167页, [3] 页图版 | |
| 开本: | 21cm | |
| 丛书名: | 中国少数民族风情游丛书 | |
| 单 册: | ||
| 中图分类: | K285.5 | |
| 科图分类: | ||
| 主题词: | 佤族--wa zu--概况 | |
| 电子资源: | ||
| ISBN: | 7-5084-1954-5 | |
| 000 | 00884nam 2200253 450 | |
| 001 | 012007846236 | |
| 005 | 20070927101029.06 | |
| 010 | @a7-5084-1954-5@dCNY25.00 | |
| 100 | @a20070629d2004 km y0chiy0120 ea | |
| 101 | 0 | @achi |
| 102 | @aCN@b110000 | |
| 105 | @aaf z 000yy | |
| 200 | 1 | @a佤族@Awa zu@f陈国庆, 谢玲著@Fchen guo qing,xie ling zhu |
| 210 | @a北京@c中国水利水电出版社@d2004.06 | |
| 215 | @a167页, [3] 页图版@c彩图@d21cm | |
| 225 | 2 | @a中国少数民族风情游丛书@Azhong guo shao shu min zu feng qing you cong shu |
| 330 | @a本书描述了佤族少数民族的文化渊源和历史传承, 详细介绍了其主要聚居地的风光名胜, 并提供了住宿、交通、购物等最新旅游信息。 | |
| 410 | 0 | @12001 @a中国少数民族风情游丛书 |
| 606 | 0 | @a佤族@Awa zu@x概况 |
| 690 | @aK285.5@v4 | |
| 701 | 0 | @a陈国庆@Achen guo qing@4著 |
| 701 | 0 | @a谢玲@Axie ling@4著 |
| 801 | 0 | @aCN@c20070927 |
| 905 | @dK285.5@eC425 | |
| 佤族/陈国庆, 谢玲著.-北京:中国水利水电出版社,2004.06 |
| 167页, [3] 页图版:彩图;21cm.-(中国少数民族风情游丛书) |
| ISBN 7-5084-1954-5:CNY25.00 |
| 本书描述了佤族少数民族的文化渊源和历史传承, 详细介绍了其主要聚居地的风光名胜, 并提供了住宿、交通、购物等最新旅游信息。 |
| ● |
| 相关链接 |
|
|
|
正题名:佤族
索取号:K285.5/C425
 
预约/预借
| 序号 | 登录号 | 条形码 | 馆藏地/架位号 | 状态 | 备注 |
| 1 | 244609 | 202446095 | 社科库309/309社科库 38排1列2层/ [索取号:K285.5/C425] | 在馆 | |
| 2 | 244610 | 202446102 | 社科库309/309社科库 38排1列2层/ [索取号:K285.5/C425] | 在馆 | |
| 3 | 244611 | 202446111 | 社科库309/309社科库 38排1列2层/ [索取号:K285.5/C425] | 在馆 |